000 00300 a2200133 4500
999 _c324892
_d324892
001 89819
003 NUST
082 _a813.00809282 PIX
100 _aPixar
_99847
245 _aToy Story
260 _aNew York
_bDisney Press
_c2013
300 _a306p.
500 _aGeneral Books
942 _aCAE NUST
_cBK
_k813.00809282 PIX
_2ddc